Potato and Sweet potato in Africa: Transforming the value chains for food and nutrition / (Record no. 97584)
[ view plain ]
| 000 -LEADER | |
|---|---|
| fixed length control field | 00820cam a22002658i 4500 |
| 008 - FIXED-LENGTH DATA ELEMENTS--GENERAL INFORMATION | |
| fixed length control field | |
| 020 ## - INTERNATIONAL STANDARD BOOK NUMBER | |
| International Standard Book Number | 9781780644202 (hbk.) |
| 049 ## - LOCAL HOLDINGS (OCLC) | |
| Holding library | MAIN |
| 090 ## - LOCALLY ASSIGNED LC-TYPE CALL NUMBER (OCLC); LOCAL CALL NUMBER (RLIN) | |
| Classification number (OCLC) (R) ; Classification number, CALL (RLIN) (NR) | SB211 |
| Local cutter number (OCLC) ; Book number/undivided call number, CALL (RLIN) | POT |
| 003 - CONTROL NUMBER IDENTIFIER | |
| control field | |
| 005 - DATE AND TIME OF LATEST TRANSACTION | |
| control field | 20230120144458.0 |
| 040 ## - CATALOGING SOURCE | |
| Transcribing agency | NUST |
| 245 #0 - TITLE STATEMENT | |
| Title | Potato and Sweet potato in Africa: Transforming the value chains for food and nutrition / |
| Statement of responsibility, etc. | edited by Low Jan, Nyongesa Moses, and Parker Monica |
| 300 ## - PHYSICAL DESCRIPTION | |
| Extent | xxx, 622 pages : |
| Other physical details | illustrations ; |
| Dimensions | 26 cm |
| 500 ## - GENERAL NOTE | |
| General note | Includes index. |
| 650 ## - SUBJECT ADDED ENTRY--TOPICAL TERM | |
| Topical term or geographic name entry element | Potato |
| General subdivision | law and legislation |
| 650 ## - SUBJECT ADDED ENTRY--TOPICAL TERM | |
| Topical term or geographic name entry element | Potato chips |
| 650 ## - SUBJECT ADDED ENTRY--TOPICAL TERM | |
| Topical term or geographic name entry element | Potato products |
| 650 ## - SUBJECT ADDED ENTRY--TOPICAL TERM | |
| Topical term or geographic name entry element | Potato |
| General subdivision | industry |
| 700 ## - ADDED ENTRY--PERSONAL NAME | |
| Personal name | Parker, Monica. |
| 700 ## - ADDED ENTRY--PERSONAL NAME | |
| Personal name | Nyongesa, Moses. |
| 700 ## - ADDED ENTRY--PERSONAL NAME | |
| Personal name | Low, Jan. |
| 907 ## - LOCAL DATA ELEMENT G, LDG (RLIN) | |
| a | .b10369636 |
| b | 04-04-22 |
| c | 17-02-16 |
| 942 ## - ADDED ENTRY ELEMENTS (KOHA) | |
| Koha item type | Ordinary Loan Books |
| Call number prefix | SB211 |
| Call number suffix | POT |
| Date last seen | Total Checkouts | Full call number | Barcode | Cost, replacement price | Price effective from | Koha item type | Lost status | Source of classification or shelving scheme | Damaged status | Not for loan | Collection | Withdrawn status | Home library | Current library | Shelving location | Date acquired | Cost, normal purchase price |
|---|---|---|---|---|---|---|---|---|---|---|---|---|---|---|---|---|---|
| 01/20/2023 | SB211 MOC | 92004038808 | 80.00 | 01/20/2023 | BOOKS | lcc | NFIC | MAIN | MAIN | GEN | 01/20/2023 | 80.00 |